| 000 | 00395nam a22001217a 4500 | ||
|---|---|---|---|
| 082 | _a220 PRO | ||
| 100 |
_aNC JUNAID IBN-E-TANVEER MALIK PC OMER BIN DILAWAR NC EHTASHAM ANWAR _973053 |
||
| 245 | _aPR-SOF-1918-Automatic License Plate Recognition | ||
| 260 |
_aISLAMABAD _bNUST COLLEGE OF EME _c2020 |
||
| 650 | _aDE-COMP-38 | ||
| 700 |
_aPROJECT SUPERVISOR Dr. SHAHZOR AHMAD _971309 |
||
| 942 | _cCR | ||
| 999 |
_c578939 _d578939 |
||